Finaliste du Challenge Cup - Statistiques

Statistiques générales
  • Ce quiz a été pris 5 fois
  • Le résultat moyen est 5 sur 19
Statistiques - réponses
Finales perdues Club Pays % Correct
1 ASM Clermont France
100%
4 RC Toulon France
100%
2 Stade français France
100%
1 Cardiff Rugby Pays de Galles
33%
1 Edimbourg Rugby Ecosse
33%
1 Harlequins Angleterre
33%
1 Leicester Tigers Angleterre
33%
1 London Irish Angleterre
33%
1 RC Narbonne France
33%
3 Bath Rugby Angleterre
0%
2 Castres olympique France
0%
2 CS Bourgoin-Jallieu France
0%
1 Glasgow Warriors Ecosse
0%
3 Gloucester Rugby Angleterre
0%
1 Lyon OU France
0%
1 Section paloise France
0%
1 Stade rochelais France
0%
1 SU Agen France
0%
1 Worcester Warriors Angleterre
0%
Aucun quiz correspondant
Distribution des résultats
% des personnes avec chaque résultat
Percentile par nombre de réponses
Votre historique - résultats
Vous n’avez pas pris ce quiz